000
00388nam a2200133Ia 4500
008
100328s9999 xx 000 0 und d
082
_b
50167
100
_a
देशपांडे कृ.पं.
245
_a
दशकुमार-भाग-3
260
_b
अमोल
630
_a
दशकुमार-भाग-3
730
_a
दशकुमार-भाग-3
942
_c
BOOK
999
_c
537363
_d
537360